000 00691nam a2200229 i 4500
001 bg
245 0 0 _aWielka encyklopedia geografii świata.
_nT. 22,
_pSłownik pojęć geograficznych /
_cpod red. Andrzeja Kostrzewskiego.
260 _aPoznań :
_b"Kurpisz",
_ccop. 2002.
300 _a304 s., [16] k.tabl. kolor. ;
_c30 cm.
650 9 _aGeografia
655 _aEncyklopedie
700 1 _aKOSTRZEWSKI, Andrzej.
_eRed.
020 _a8388276972 (całość)
020 _a8388276068 (t.2)
040 _cBPK
041 0 _apl
080 _a913(03)
920 _a83-88276-97-2 (całość)
920 _a83-88276-06-8 (t.2)
942 _cKS
008 s pl f |000 0 pol
999 _c40805
_d40805
856 _uhttp://koha.tu.koszalin.pl/cgi-bin/koha/opac-detail.pl?biblionumber=40805
_yKatalog online BPK